<?xml version="1.0" encoding="UTF-8"?>
<marc:record xmlns:marc="http://www.loc.gov/MARC21/slim">
   <marc:leader>00000nam a2200000 a 4500</marc:leader>
   <marc:datafield ind1="1" ind2=" " tag="100">
      <marc:subfield code="a">Chabrol, Claude</marc:subfield>
      <marc:subfield code="4">ctb</marc:subfield>
      <marc:subfield code="e">Mitwirkende/-r</marc:subfield>
   </marc:datafield>
   <marc:datafield ind1="0" ind2="0" tag="245">
      <marc:subfield code="a">Die untreue Frau</marc:subfield>
   </marc:datafield>
   <marc:datafield ind1="0" ind2="0" tag="245">
      <marc:subfield code="b">Série Noire - 12 Meisterstücke des französischen Kriminalfilms</marc:subfield>
   </marc:datafield>
   <marc:datafield ind1="0" ind2="0" tag="245">
      <marc:subfield code="c">Regie von Claude Chabrol</marc:subfield>
   </marc:datafield>
   <marc:datafield ind1=" " ind2="1" tag="264">
      <marc:subfield code="a">München</marc:subfield>
      <marc:subfield code="b">Süddeutsche Zeitung</marc:subfield>
      <marc:subfield code="c">2007</marc:subfield>
   </marc:datafield>
   <marc:datafield ind1="1" ind2=" " tag="490">
      <marc:subfield code="a">Série Noire</marc:subfield>
   </marc:datafield>
   <marc:datafield ind1=" " ind2=" " tag="250">
      <marc:subfield code="a">1. Aufl.</marc:subfield>
   </marc:datafield>
   <marc:datafield ind1="1" ind2=" " tag="520">
      <marc:subfield code="a">Angaben aus der Verlagsmeldung

Die untreue Frau : Série Noire - 12 Meisterstücke des französischen Kriminalfilms

Der Anwalt Charles (Michel Bouquet), dessen Ehefrau Hélène (Stéphane Audran) und ihr Sohn bewohnen eine gepflegte Villa in Versailles. Doch der Schein trügt: Hinter der schönen Fassade regieren Frust und Langeweile. Hélène sucht sich deshalb einen Liebhaber – den jungen Schriftsteller Victor (Maurice Ronet). Charles wittert den Betrug und engagiert einen Privatdetektiv. Doch er kann seinen Zorn nicht zähmen und nimmt Rache.
</marc:subfield>
   </marc:datafield>
   <marc:datafield ind1=" " ind2=" " tag="020">
      <marc:subfield code="a">9783866154810</marc:subfield>
      <marc:subfield code="9">9783866154810</marc:subfield>
   </marc:datafield>
   <marc:datafield ind1=" " ind2=" " tag="041">
      <marc:subfield code="a">ger</marc:subfield>
   </marc:datafield>
</marc:record>
